000 00334 a2200109 4500
001 ART_50577
005 20260410161818.0
008 260409a
245 1 0 _aLa ley y el sexo
100 1 _aLitardo, Emiliano
773 0 _tRevista Juridica de Buenos Aires
_gGénero y derechos - Año 43, Nº 97 (nov. 2019)
_wREV4315
999 _c22131
_d22131